000
00338 a2200157 4500
001
70252
020
_a
040
_c
Anchieta - Itaigara
100
_a
Rocha, Kátia
240
1
0
_a
A poesia das coisas
_l
por
245
1
0
_a
A poesia das coisas
300
_a
45p.
362
0
_a
2002
650
4
_a
Literatura infanto-juvenil
942
_c
BK
999
_c
70252
_d
70252